[Event "Niedersachsen-ch Seniors"]
[Site "Lehrte"]
[Date "2019.07.22"]
[Round "3"]
[White "Adibekian, Roubik"]
[Black "Gerhardt, Peter Michael"]
[Result "1-0"]
[WhiteElo "2045"]
[BlackElo "1883"]
[PlyCount "64"]
[EventDate "2019.07.20"]
[EventType "swiss"]
[EventRounds "7"]
[EventCountry "GER"]
[SourceTitle "EXT 2023"]
[Source "ChessBase"]
[SourceDate "2022.10.05"]
[SourceVersion "1"]
[SourceVersionDate "2022.10.05"]
[SourceQuality "1"]

1. b3 Nf6 2. Bb2 g6 3. e3 Bg7 4. f4 0-0 5. Nf3 d5 6. Be2 c5 7. 0-0 Nc6 8. Bb5 Bd7 9. d3 a6 10. Bxc6 Bxc6 11. Ne5 Rc8 12. Nd2 Nd7 13. Ndf3 Nxe5 14. fxe5 Qc7 15. Qe1 f6 16. Qg3 d4 17. exd4 Bxf3 18. Qxf3 cxd4 19. Qd5+ Kh8 20. exf6 Bxf6 21. Bxd4 Qxc2 22. Bxf6+ Rxf6 23. Qxb7 Rcf8 24. Qxe7 Qb2 25. Qxf8+ Rxf8 26. Rxf8+ Kg7 27. Rff1 Qd4+ 28. Kh1 Qxd3 29. Rf2 h5 30. Raf1 h4 31. h3 g5 32. Rf7+ Kg8 1-0

[Event "Baden Wuerttemberg-ch Seniors 65+ op"]
[Site "Freudenstadt"]
[Date "2019.07.13"]
[Round "9"]
[White "Hanisch, Friedrich"]
[Black "Gerhardt, Peter Michael"]
[Result "1/2-1/2"]
[WhiteElo "2138"]
[BlackElo "2008"]
[PlyCount "44"]
[EventDate "2019.07.05"]
[EventType "swiss"]
[EventRounds "9"]
[EventCountry "GER"]
[SourceTitle "EXT 2020"]
[Source "ChessBase"]
[SourceDate "2019.10.17"]
[SourceVersion "1"]
[SourceVersionDate "2019.10.17"]
[SourceQuality "1"]

1. d4 Nf6 2. Nf3 g6 3. g3 Bg7 4. Bg2 0-0 5. c4 d6 6. 0-0 Nbd7 7. Nc3 Re8 8. h3 c6 9. e4 Qc7 10. Be3 e5 11. Qc2 b6 12. Rfd1 Bb7 13. Rac1 Rad8 14. dxe5 dxe5 15. Rd2 Nf8 16. Rcd1 Rxd2 17. Qxd2 N6d7 18. b4 Nb8 19. a4 Ne6 20. Qc2 Rd8 21. Ne2 Rxd1+ 22. Qxd1 Qd7 1/2-1/2

[Event "MVP-ch Seniors op 18th"]
[Site "Ostseebad Binz"]
[Date "2018.11.30"]
[Round "3"]
[White "Weidlich, Guenter"]
[Black "Gerhardt, Peter Michael"]
[Result "1/2-1/2"]
[WhiteElo "2185"]
[BlackElo "1973"]
[PlyCount "49"]
[EventDate "2018.11.28"]
[EventType "swiss"]
[EventRounds "9"]
[EventCountry "GER"]
[SourceTitle "CBM 188 Extra"]
[Source "ChessBase"]
[SourceDate "2019.02.28"]
[SourceVersion "1"]
[SourceVersionDate "2019.02.28"]
[SourceQuality "1"]

1. b3 Nf6 2. Bb2 g6 3. Bxf6 exf6 4. c4 Bg7 5. Nc3 0-0 6. g3 d6 7. Bg2 Nd7 8. e3 f5 9. Nge2 Nf6 10. d4 Rb8 11. 0-0 Bd7 12. Qc2 b6 13. Rfd1 c6 14. Rac1 Qc7 15. Nf4 Rfe8 16. c5 bxc5 17. dxc5 d5 18. Na4 Ne4 19. a3 Rbd8 20. Ne2 Qe5 21. Qd3 Bh6 22. f4 Qe7 23. Re1 Bg7 24. Nd4 h5 25. Bf3 1/2-1/2

[Event "MVP-ch Seniors op 18th"]
[Site "Ostseebad Binz"]
[Date "2018.11.29"]
[Round "2"]
[White "Gerhardt, Peter Michael"]
[Black "Daeubler, Heinrich"]
[Result "1/2-1/2"]
[WhiteElo "1973"]
[BlackElo "2156"]
[PlyCount "43"]
[EventDate "2018.11.28"]
[EventType "swiss"]
[EventRounds "9"]
[EventCountry "GER"]
[SourceTitle "CBM 188 Extra"]
[Source "ChessBase"]
[SourceDate "2019.02.28"]
[SourceVersion "1"]
[SourceVersionDate "2019.02.28"]
[SourceQuality "1"]

1. Nf3 g6 2. g3 Bg7 3. Bg2 Nf6 4. 0-0 0-0 5. d4 d6 6. c4 Nc6 7. Nc3 a6 8. b3 Rb8 9. Bb2 Bg4 10. h3 Bxf3 11. exf3 Nd7 12. d5 Nd4 13. f4 c5 14. dxc6 bxc6 15. Ne2 Nxe2+ 16. Qxe2 Bxb2 17. Qxb2 Qc7 18. Rfe1 Nc5 19. Re3 Ne6 20. Rae1 Rfe8 21. h4 c5 22. Rxe6 1/2-1/2

[Event "MVP-ch Seniors op 17th"]
[Site "Binz"]
[Date "2017.11.29"]
[Round "1.43"]
[White "Weyand, Fernand"]
[Black "Gerhardt, Peter Michael"]
[Result "1/2-1/2"]
[WhiteElo "1709"]
[BlackElo "1988"]
[PlyCount "56"]
[EventDate "2017.11.29"]
[EventType "swiss"]
[EventRounds "9"]
[EventCountry "GER"]
[SourceTitle "EXT 2019"]
[Source "ChessBase"]
[SourceDate "2018.10.10"]
[SourceVersion "1"]
[SourceVersionDate "2018.10.10"]
[SourceQuality "1"]

1. e4 c5 2. Nc3 g6 3. f4 Bg7 4. Nf3 e6 5. Bc4 Ne7 6. d4 cxd4 7. Nxd4 Nbc6 8. Ndb5 0-0 9. Nd6 a6 10. Be3 b5 11. Bb3 Qc7 12. Qd2 Bb7 13. Rd1 Na5 14. 0-0 Nxb3 15. cxb3 Bc6 16. Qf2 f5 17. e5 Rfb8 18. b4 Bf8 19. Bc5 Nc8 20. Ne8 Qd8 21. Nf6+ Kh8 22. Qh4 Bxc5+ 23. bxc5 Qe7 24. b4 Na7 25. Rd3 Rf8 26. Rh3 Rf7 27. Qg5 Rg7 28. Rd1 Qf8 1/2-1/2

[Event "Niedersachsen-ch Seniors 51st"]
[Site "Handeloh"]
[Date "2017.06.22"]
[Round "5"]
[White "Gerhardt, Peter Michael"]
[Black "Adibekian, Roubik"]
[Result "1/2-1/2"]
[WhiteElo "1834"]
[BlackElo "2024"]
[PlyCount "42"]
[EventDate "2017.06.18"]
[EventType "swiss"]
[EventRounds "7"]
[EventCountry "GER"]
[SourceTitle "EXT 2023"]
[Source "ChessBase"]
[SourceDate "2022.10.05"]
[SourceVersion "1"]
[SourceVersionDate "2022.10.05"]
[SourceQuality "1"]

1. d4 d5 2. c4 e6 3. Nc3 Nf6 4. Nf3 c6 5. e3 Bd6 6. Bd3 Nbd7 7. 0-0 0-0 8. e4 dxe4 9. Nxe4 Nxe4 10. Bxe4 Nf6 11. Bg5 Be7 12. Qc2 h6 13. Be3 Nxe4 14. Qxe4 f5 15. Qc2 f4 16. Bd2 Rf5 17. Bc3 Qe8 18. Rfe1 Qh5 19. Re5 Rxe5 20. Nxe5 Bd6 21. Re1 Bxe5 1/2-1/2

[Event "Niedersachsen-ch Seniors 51st"]
[Site "Handeloh"]
[Date "2017.06.21"]
[Round "4"]
[White "Hilburt, Leonid"]
[Black "Gerhardt, Peter Michael"]
[Result "1/2-1/2"]
[WhiteElo "1877"]
[BlackElo "1834"]
[PlyCount "38"]
[EventDate "2017.06.18"]
[EventType "swiss"]
[EventRounds "7"]
[EventCountry "GER"]
[SourceTitle "EXT 2023"]
[Source "ChessBase"]
[SourceDate "2022.10.05"]
[SourceVersion "1"]
[SourceVersionDate "2022.10.05"]
[SourceQuality "1"]

1. e4 c5 2. Nc3 g6 3. g3 Bg7 4. Bg2 d6 5. f4 Nc6 6. Nge2 Nf6 7. 0-0 0-0 8. h3 Rb8 9. a4 Bd7 10. g4 Ne8 11. f5 Nc7 12. d3 Nd4 13. Ng3 e6 14. Nce2 Qh4 15. fxg6 fxg6 16. c3 Nxe2+ 17. Nxe2 Rxf1+ 18. Bxf1 Rf8 19. Be3 Qe7 1/2-1/2

[Event "Schleswig Holstein-ch Seniors op 10th"]
[Site "Buesum"]
[Date "2016.10.03"]
[Round "8"]
[White "Gerhardt, Peter Michael"]
[Black "Kluegel, Jan"]
[Result "1-0"]
[WhiteElo "2022"]
[BlackElo "1896"]
[PlyCount "81"]
[EventDate "2016.09.26"]
[EventType "swiss"]
[EventRounds "9"]
[EventCountry "GER"]
[SourceTitle "EXT 2019"]
[Source "ChessBase"]
[SourceDate "2018.10.10"]
[SourceVersion "1"]
[SourceVersionDate "2018.10.10"]
[SourceQuality "1"]

1. d4 d5 2. c4 c6 3. Nc3 Nf6 4. Nf3 dxc4 5. a4 Bf5 6. Ne5 Nbd7 7. Nxc4 Nb6 8. e3 a5 9. Qb3 Ra6 10. Ne5 Be6 11. Qc2 Ra8 12. Be2 Nfd5 13. 0-0 g6 14. Nxd5 Nxd5 15. Bd2 Rc8 16. e4 Nf6 17. Bc3 Bg7 18. f4 0-0 19. Rad1 Qb6 20. Bc4 Bxc4 21. Nxc4 Qa6 22. Ne5 Rfd8 23. f5 b5 24. fxg6 hxg6 25. Qb3 e6 26. axb5 cxb5 27. d5 a4 28. Qb4 exd5 29. Qe7 Qb6+ 30. Bd4 Qc7 31. Qxc7 Rxc7 32. Bb6 Rdc8 33. Bxc7 Rxc7 34. exd5 Ne4 35. d6 Bxe5 36. dxc7 Bxc7 37. Rfe1 Bb6+ 38. Kf1 Nf2 39. Re8+ Kg7 40. Rd6 Bc5 41. Rd5 1-0

[Event "Schleswig Holstein-ch Seniors op 10th"]
[Site "Buesum"]
[Date "2016.09.27"]
[Round "2"]
[White "Gerhardt, Peter Michael"]
[Black "Hassenrueck, Helmut"]
[Result "1/2-1/2"]
[WhiteElo "2022"]
[BlackElo "2215"]
[PlyCount "52"]
[EventDate "2016.09.26"]
[EventType "swiss"]
[EventRounds "9"]
[EventCountry "GER"]
[SourceTitle "EXT 2019"]
[Source "ChessBase"]
[SourceDate "2018.10.10"]
[SourceVersion "1"]
[SourceVersionDate "2018.10.10"]
[SourceQuality "1"]

1. d4 Nf6 2. c4 e6 3. Nf3 c5 4. Nc3 cxd4 5. Nxd4 Bb4 6. Bd2 Nc6 7. e3 0-0 8. Be2 d5 9. cxd5 exd5 10. 0-0 Nxd4 11. exd4 Qb6 12. Qb3 Be6 13. Na4 Qxd4 14. Qxb4 Qe5 15. Bf3 Ne4 16. Bxe4 dxe4 17. Bc3 Qg5 18. f4 Qf5 19. Qd4 f6 20. Rae1 Bd5 21. Bb4 Rfd8 22. Nc3 Bc6 23. Qc5 Qg4 24. Re3 Rd3 25. Nxe4 Rxe3 26. Qxe3 Qe6 1/2-1/2

[Event "Sachsen-Anhalt-ch Seniors 24th"]
[Site "Halberstadt"]
[Date "2016.06.01"]
[Round "4"]
[White "Hartung, Lothar"]
[Black "Gerhardt, Peter Michael"]
[Result "1/2-1/2"]
[WhiteElo "1853"]
[BlackElo "2022"]
[PlyCount "43"]
[EventDate "2016.05.29"]
[EventType "swiss"]
[EventRounds "7"]
[EventCountry "GER"]
[SourceTitle "EXT 2019"]
[Source "ChessBase"]
[SourceDate "2018.10.10"]
[SourceVersion "1"]
[SourceVersionDate "2018.10.10"]
[SourceQuality "1"]

1. d4 Nf6 2. Nf3 g6 3. e3 Bg7 4. Be2 0-0 5. 0-0 d5 6. c4 c6 7. Nc3 Bg4 8. Ne5 Bxe2 9. Qxe2 Nbd7 10. Nxd7 Qxd7 11. cxd5 cxd5 12. Bd2 Rac8 13. Rfc1 e6 14. f3 a6 15. Qd3 Rc6 16. Ne2 Rfc8 17. Rxc6 Rxc6 18. Rc1 Ne8 19. Rxc6 Qxc6 20. Qc3 Qxc3 21. Nxc3 Nd6 22. b3 1/2-1/2